[Event "4NCL Online Division 7"]
[Site "online"]
[Date "2021.02.09"]
[EventDate "2021.02.09"]
[Round "2.42"]
[White "Doyle, Jamie"]
[WhiteElo "1602"]
[WhiteTeam "Wessex Some Stars F"]
[Black "Wright, Robert"]
[BlackElo "1975"]
[BlackTeam "Hackney Spice Boys"]
[Result "1-0"]
[PlyCount "101"]

1. e4 c5 2. Nf3 d6 3. Nc3 Nf6 4. d3 g6 5. h3 Bg7 6. Be2 Nbd7 7. Be3 Qb6 8. Rb1 O-O 9. Nd2 a6 10. Nc4 Qc7 11. a4 e6 12. Bf4 Ne8 13. Qd2 b6 14. Bf3 Bb7 15. b4 Rb8 16. b5 f5 17. Ne2 e5 18. Bh6 f4 19. Bxg7 Nxg7 20. Nc3 Ne6 21. Bg4 Rf6 22. bxa6 Bc6 23. Nb5 Bxb5 24. axb5 h5 25. Bxe6+ Rxe6 26. O-O Nf6 27. f3 g5 28. Qf2 Kf7 29. Rb3 Rg8 30. Ra1 Qa7 31. Kh1 Ke7 32. c3 d5 33. exd5 Nxd5 34. d4 Ne3 35. Nxe3 fxe3 36. Qxe3 exd4 37. Qd3 Qa8 38. cxd4 g4 39. dxc5 gxh3 40. Qh7+ Kf6 41. Qh6+ Rg6 42. Qf4+ Kg7 43. gxh3 Ref6 44. Qc7+ Rf7 45. Qe5+ Kh7 46. c6 Qc8 47. Qxh5+ Kg7 48. a7 Rf5 49. Qh4 Rfg5 50. a8=Q Qxa8 51. Qd4+ 1-0

[Event "4NCL Online Division 7"]
[Site "online"]
[Date "2021.02.09"]
[EventDate "2021.02.09"]
[Round "2.43"]
[White "Friel, Jamie"]
[WhiteElo "1720"]
[WhiteTeam "Hackney Spice Boys"]
[Black "Deacon, Matthew"]
[BlackElo "1559"]
[BlackTeam "Wessex Some Stars F"]
[Result "1-0"]
[PlyCount "149"]

1. d4 Nf6 2. Bf4 g6 3. Nf3 Bg7 4. e3 b6 5. Bd3 Bb7 6. Nbd2 O-O 7. c3 d6 8. Qc2 Nbd7 9. O-O-O c5 10. h4 h5 11. Ng5 e5 12. dxe5 Nxe5 13. Bxe5 dxe5 14. Nc4 Qe7 15. f3 Rad8 16. Be2 e4 17. f4 Nd5 18. Bxh5 gxh5 19. Qe2 Qf6 20. Qxh5 Bh6 21. Ne5 Nxf4 22. exf4 Qxf4+ 23. Kb1 Rxd1+ 24. Rxd1 Bxg5 25. Ng6 fxg6 26. Qxg6+ Kh8 27. hxg5 Qh4 28. Rd7 Rf1+ 29. Kc2 Qf2+ 30. Rd2 Qf8 31. Qh5+ Kg8 32. g6 Qg7 33. Qg4 e3 34. Rd7 Rf2+ 35. Kb3 e2 36. Rxg7+ Kxg7 37. Qd7+ Kxg6 38. Qe8+ Kh7 39. Qe7+ Kg8 40. Qg5+ Kf7 41. Qh5+ Ke6 42. Qh3+ Kf7 43. Qh7+ Ke8 44. Qh8+ Kf7 45. Qe5 Ba6 46. Qc7+ Kg6 47. Qg3+ Kf5 48. Qxf2+ Ke4 49. c4 Kd3 50. g4 Bxc4+ 51. Ka3 Bb5 52. Qe1 Be8 53. b3 b5 54. Kb2 b4 55. Kc1 Ke3 56. g5 Bg6 57. Qg3+ Ke4 58. Kd2 Kd5 59. Kxe2 c4 60. bxc4+ Kxc4 61. Qf4+ Kb5 62. Qf6 Bb1 63. g6 Bxa2 64. g7 a5 65. Kd2 Bc4 66. Qe5+ Ka4 67. Qe8+ Ka3 68. Kc1 a4 69. g8=Q Bxg8 70. Qxg8 b3 71. Qg3 Ka2 72. Qf2+ Ka3 73. Kb1 Kb4 74. Qd2+ Ka3 75. Qd6# 1-0

[Event "4NCL Online Division 7"]
[Site "online"]
[Date "2021.02.09"]
[EventDate "2021.02.09"]
[Round "2.44"]
[White "Bucchi, Andrea"]
[WhiteElo "1559"]
[WhiteTeam "Wessex Some Stars F"]
[Black "Robinson, Ethan"]
[BlackElo "1225"]
[BlackTeam "Hackney Spice Boys"]
[Result "1-0"]
[PlyCount "77"]

1. e4 e5 2. Bc4 Nc6 3. Nf3 h6 4. d4 exd4 5. Nxd4 Bb4+ 6. c3 Nxd4 7. Qxd4 Bd6 8. Qxg7 Qf6 9. Bxf7+ Kd8 10. Qxf6+ Nxf6 11. f3 Rf8 12. Bb3 Bc5 13. Bxh6 Re8 14. Bg5 Rf8 15. Bxf6+ Rxf6 16. Nd2 d6 17. O-O-O Be6 18. e5 Rg6 19. Bxe6 Rxe6 20. exd6 Be3 21. dxc7+ Kxc7 22. Kc2 Bxd2 23. Rxd2 Rd8 24. Rxd8 Kxd8 25. Rd1+ Kc7 26. Rd2 b6 27. g4 Rf6 28. Rf2 Kd6 29. Kd3 Ke5 30. Ke3 a5 31. Re2 Rd6 32. Kf2+ Kf4 33. Re4+ Kg5 34. a4 Rd2+ 35. Re2 Rd3 36. b4 Rxc3 37. bxa5 bxa5 38. Re5+ Kf4 39. Rf5# 1-0

[Event "4NCL Online Division 7"]
[Site "online"]
[Date "2021.02.09"]
[EventDate "2021.02.09"]
[Round "2.51"]
[White "Kosznik, Dariusz"]
[WhiteElo "1853"]
[WhiteTeam "Dundee City C"]
[Black "Kanellopoulos, Panayotis"]
[BlackElo "2278"]
[BlackTeam "Colchester JFF A"]
[Result "0-1"]
[PlyCount "48"]

1. e4 c5 2. Nf3 d6 3. c3 Nf6 4. Be2 Nbd7 5. Qa4 e6 6. O-O Be7 7. e5 dxe5 8. Nxe5 O-O 9. f4 Nxe5 10. fxe5 Nd5 11. d3 Qc7 12. Qe4 Bd7 13. d4 f5 14. exf6 Rxf6 15. Nd2 cxd4 16. cxd4 Nf4 17. Bc4 Bc6 18. Qc2 Rg6 19. Re1 Rxg2+ 20. Kf1 Rf8 21. Re4 Nd3+ 22. Kxg2 Rf2+ 23. Kh3 Qxh2+ 24. Kg4 h5# 0-1

[Event "4NCL Online Division 7"]
[Site "online"]
[Date "2021.02.09"]
[EventDate "2021.02.09"]
[Round "2.52"]
[White "Gogia, Pranay"]
[WhiteElo "1753"]
[WhiteTeam "Colchester JFF A"]
[Black "Jackson, Robert"]
[BlackElo "1575"]
[BlackTeam "Dundee City C"]
[Result "0-1"]
[PlyCount "58"]

1. d4 Nf6 2. c4 b6 3. Nc3 Bb7 4. Bg5 d5 5. e3 Ne4 6. Bf4 e6 7. cxd5 exd5 8. Nxe4 dxe4 9. a3 Bd6 10. Bg3 O-O 11. f3 Bxg3+ 12. hxg3 Qg5 13. Kf2 c5 14. f4 Qf6 15. Qh5 h6 16. Qe5 Qxe5 17. dxe5 Nc6 18. Bc4 Na5 19. Ba2 Rad8 20. Ne2 Rd2 21. Rab1 Ba6 22. Rhe1 Bd3 23. Ra1 Rxb2 24. Bb1 c4 25. Bxd3 cxd3 26. Kf1 dxe2+ 27. Rxe2 Rxe2 28. Kxe2 Rc8 29. Kd2 Nb3+ 0-1

[Event "4NCL Online Division 7"]
[Site "online"]
[Date "2021.02.09"]
[EventDate "2021.02.09"]
[Round "2.53"]
[White "Chalmers, Martin M"]
[WhiteElo "1505"]
[WhiteTeam "Dundee City C"]
[Black "Popovici, Rees"]
[BlackElo "1661"]
[BlackTeam "Colchester JFF A"]
[Result "1/2-1/2"]
[PlyCount "120"]

1. e4 e5 2. Nf3 Nc6 3. d4 d5 4. exd5 Qxd5 5. Nc3 Bb4 6. Bd2 Bxc3 7. bxc3 Bg4 8. Be2 exd4 9. cxd4 Bxf3 10. Bxf3 Qxd4 11. Qe2+ Nge7 12. Bxc6+ bxc6 13. O-O Rd8 14. Rad1 Qf6 15. Bb4 O-O 16. Rxd8 Rxd8 17. Bxe7 Re8 18. Bxf6 Rxe2 19. Bd8 Rxc2 20. Bxc7 Rxa2 21. Re1 f6 22. h3 Kf7 23. Rc1 Ra6 24. Kf1 Ke7 25. Ke1 Kd7 26. Bg3 Rb6 27. Rd1+ Ke6 28. Ra1 Rb7 29. Rc1 Kd5 30. Rd1+ Kc5 31. Bd6+ Kb6 32. Rb1+ Ka6 33. Rxb7 Kxb7 34. Bc5 a5 35. Kd2 Ka6 36. Kc2 Kb5 37. Bf8 g6 38. Kb3 c5 39. Bg7 f5 40. Be5 c4+ 41. Ka3 h5 42. h4 Kc6 43. Ka4 Kd5 44. Bf4 c3 45. Kxa5 Ke4 46. g3 c2 47. Kb5 Kf3 48. Be3 Ke2 49. Kc4 Kd1 50. Kd5 c1=Q 51. Bxc1 Kxc1 52. Ke5 Kd2 53. Kf4 Ke2 54. f3 Kf2 55. g4 fxg4 56. fxg4 hxg4 57. Kxg4 Kg2 58. Kf4 Kh3 59. Kg5 Kg3 60. Kxg6 Kxh4 1/2-1/2

[Event "4NCL Online Division 7"]
[Site "online"]
[Date "2021.02.09"]
[EventDate "2021.02.09"]
[Round "2.54"]
[White "Rida, Ruqayyah"]
[WhiteElo "1574"]
[WhiteTeam "Colchester JFF A"]
[Black "Vijayakumar, Rishi"]
[BlackElo "1002"]
[BlackTeam "Dundee City C"]
[Result "0-1"]
[PlyCount "68"]

1. e4 e6 2. d4 d5 3. Nd2 c5 4. exd5 exd5 5. dxc5 Bxc5 6. Ngf3 Nf6 7. Be2 O-O 8. O-O Nc6 9. Nb3 Bb6 10. Bf4 Be6 11. h3 Ne4 12. Bd3 f5 13. Qc1 h6 14. Ne5 Qf6 15. Nxc6 bxc6 16. c3 Qh4 17. Be3 f4 18. Bxb6 axb6 19. Bxe4 dxe4 20. Nd4 Bxh3 21. gxh3 Qxh3 22. f3 Qg3+ 23. Kh1 Qh3+ 24. Kg1 e3 25. Qc2 c5 26. Nb3 Rf5 27. Qh2 Rg5+ 28. Kh1 Qxh2+ 29. Kxh2 Rh5+ 30. Kg2 c4 31. Nd4 Rg5+ 32. Kh3 Rg3+ 33. Kh2 Ra5 34. Ne2 Rh5# 0-1

[Event "4NCL Online Division 7"]
[Site "online"]
[Date "2021.02.09"]
[EventDate "2021.02.09"]
[Round "2.61"]
[White "Jones, Thomas AJ"]
[WhiteElo "1995"]
[WhiteTeam "Throw in the Tal"]
[Black "McCarron, Peter D J"]
[BlackElo "1694"]
[BlackTeam "Redbridge All Sorts 3"]
[Result "1-0"]
[PlyCount "67"]

1. e4 d5 2. exd5 Qxd5 3. Nc3 Qd6 4. d4 c6 5. Be3 Nf6 6. Nf3 Bg4 7. Be2 e6 8. Ne5 Bxe2 9. Qxe2 Nbd7 10. Nc4 Qc7 11. O-O Be7 12. f4 O-O 13. f5 exf5 14. Rxf5 Rfe8 15. Qf3 Nb6 16. Ne5 Nbd5 17. Nxd5 cxd5 18. c3 Bd6 19. Bf4 Re6 20. Rf1 Rae8 21. Bg5 Bxe5 22. dxe5 Rxe5 23. Bxf6 Rxf5 24. Qxf5 gxf6 25. Qxf6 Qc5+ 26. Kh1 Qe7 27. Qf2 Qe4 28. Qxf7+ Kh8 29. Qf6+ Kg8 30. h3 Qg6 31. Qd4 Qe6 32. Qxa7 Qe2 33. Qf2 Qd3 34. Qf7+ 1-0

[Event "4NCL Online Division 7"]
[Site "online"]
[Date "2021.02.09"]
[EventDate "2021.02.09"]
[Round "2.62"]
[White "Wilson, Michael GA"]
[WhiteElo "1688"]
[WhiteTeam "Redbridge All Sorts 3"]
[Black "Goodwin, Ed H"]
[BlackElo "1838"]
[BlackTeam "Throw in the Tal"]
[Result "1/2-1/2"]
[PlyCount "105"]

1. d4 e6 2. e4 d5 3. Nc3 Bb4 4. e5 Ne7 5. a3 Bxc3+ 6. bxc3 c5 7. Qg4 Qc7 8. Qxg7 Rg8 9. Qxh7 cxd4 10. Ne2 Nbc6 11. f4 Bd7 12. Qd3 dxc3 13. Rb1 a6 14. Nxc3 Na5 15. h4 Nf5 16. Rh3 Nc4 17. h5 O-O-O 18. h6 Rg6 19. h7 Rh8 20. Qf3 Rg7 21. g4 Nd4 22. Qf2 Nb5 23. Bxc4 Qxc4 24. Rb4 Qc7 25. Bb2 Rgxh7 26. Rxh7 Rxh7 27. Nxb5 Bxb5 28. Bd4 Rh1+ 29. Kd2 Qc6 30. Qg2 Rh8 31. Rb3 Bc4 32. Rg3 Kb8 33. f5 Rc8 34. fxe6 Qxe6 35. g5 Qg6 36. c3 Qb1 37. g6 Qb2+ 38. Ke3 Qc1+ 39. Kf2 Qd2+ 40. Kg1 Qe1+ 41. Kh2 Rh8+ 42. Rh3 Rxh3+ 43. Qxh3 Qe2+ 44. Kg3 Qd3+ 45. Kg4 Qxg6+ 46. Kh4 Qh6+ 47. Kg3 Qg6+ 48. Qg4 Qxg4+ 49. Kxg4 Kc8 50. Kg5 Kd7 51. Kf6 Ke8 52. e6 fxe6 53. Kxe6 1/2-1/2

[Event "4NCL Online Division 7"]
[Site "online"]
[Date "2021.02.09"]
[EventDate "2021.02.09"]
[Round "2.63"]
[White "Woolgar, Steven G"]
[WhiteElo "1636"]
[WhiteTeam "Throw in the Tal"]
[Black "Harris, Dai"]
[BlackElo "1523"]
[BlackTeam "Redbridge All Sorts 3"]
[Result "1-0"]
[PlyCount "135"]

1. c4 Nf6 2. Nc3 e6 3. g3 d5 4. cxd5 exd5 5. d4 c6 6. Bg2 Bd6 7. Nf3 Bf5 8. O-O O-O 9. Nh4 Bg6 10. Nxg6 fxg6 11. e4 dxe4 12. Nxe4 Nxe4 13. Qb3+ Rf7 14. Bxe4 Qe7 15. Bg2 Kh8 16. Qe3 Qd7 17. Qd3 Na6 18. a3 c5 19. Be3 Rc8 20. Rac1 b5 21. dxc5 Nxc5 22. Bxc5 Rxc5 23. Rxc5 Bxc5 24. Qxd7 Rxd7 25. Rc1 Be7 26. Bh3 Rd8 27. Rc7 Bf6 28. b3 Rf8 29. f4 Bd4+ 30. Kg2 Re8 31. Bg4 h5 32. Bf3 Re3 33. Bd5 Re2+ 34. Kh3 Bg1 35. Bg2 Bb6 36. Rc8+ Kh7 37. Rc3 a5 38. b4 axb4 39. axb4 Rb2 40. Rc6 Bd8 41. Be4 Rxb4 42. Bxg6+ Kh6 43. Be8+ Bf6 44. Rc5 g6 45. Rxb5 Re4 46. Bc6 Rc4 47. Bd5 Rd4 48. Bg2 h4 49. Rd5 Rc4 50. Rd6 Kg7 51. Re6 Rc5 52. Re3 Rh5 53. g4 Rc5 54. g5 Bd4 55. Rf3 Rc8 56. Rd3 Bf2 57. Kg4 Rc4 58. Rd7+ Kf8 59. Rd3 Kg7 60. Kf3 Be1 61. h3 Bg3 62. Rd7+ Kf8 63. Rd8+ Ke7 64. Ra8 Rxf4+ 65. Ke3 Rf5 66. Be4 Bf4+ 67. Kf3 Rf8 68. Rxf8 1-0

[Event "4NCL Online Division 7"]
[Site "online"]
[Date "2021.02.09"]
[EventDate "2021.02.09"]
[Round "2.64"]
[White "Sharman, Jay"]
[WhiteElo "1592"]
[WhiteTeam "Redbridge All Sorts 3"]
[Black "Hayes, Solomon"]
[BlackElo "1454"]
[BlackTeam "Throw in the Tal"]
[Result "1-0"]
[PlyCount "81"]

1. d4 Nf6 2. Bf4 e6 3. e3 d5 4. c3 c5 5. Nf3 Nc6 6. Ne5 Bd6 7. Nd2 Qc7 8. Ndf3 O-O 9. Rc1 Nh5 10. Bd3 Nxf4 11. exf4 h6 12. Bb1 Qb6 13. Qc2 f5 14. O-O cxd4 15. cxd4 Nxd4 16. Nxd4 Qxd4 17. g3 Bxe5 18. fxe5 Qxe5 19. Rfe1 Qd6 20. Re2 e5 21. a3 Rf7 22. Rce1 e4 23. Ba2 Be6 24. Rd2 Rc8 25. Qb3 Rfc7 26. Red1 Kh7 27. Qb5 Rc1 28. Qxb7 Rxd1+ 29. Rxd1 Rc7 30. Qb5 Rd7 31. Rd4 Qe5 32. Rd1 f4 33. a4 e3 34. Qd3+ Bf5 35. Qe2 d4 36. gxf4 Qxf4 37. fxe3 Qe4 38. Bb1 Qxe3+ 39. Qxe3 dxe3 40. Bxf5+ g6 41. Bxd7 1-0

[Event "4NCL Online Division 7"]
[Site "online"]
[Date "2021.02.09"]
[EventDate "2021.02.09"]
[Round "2.71"]
[White "Bedi, Adam"]
[WhiteElo "1954"]
[WhiteTeam "Eagle and Child"]
[Black "Even, Philipp"]
[BlackElo "2028"]
[BlackTeam "Londinium Centurions"]
[Result "1-0"]
[PlyCount "113"]

1. d4 e6 2. Nf3 f5 3. g3 Nf6 4. Bg2 d5 5. O-O Bd6 6. c4 c6 7. Nc3 O-O 8. Qc2 Ne4 9. Rb1 Nd7 10. b4 a6 11. c5 Bc7 12. Bf4 Bxf4 13. gxf4 Rf6 14. a4 Rh6 15. b5 axb5 16. axb5 Ra3 17. Rb3 Qa5 18. bxc6 bxc6 19. Rxa3 Qxa3 20. Nxe4 fxe4 21. Ne5 Nxe5 22. fxe5 Rg6 23. Kh1 Ba6 24. Rb1 h5 25. Qb2 Qxb2 26. Rxb2 Kf7 27. f3 e3 28. Ra2 Bc4 29. Ra7+ Ke8 30. h4 Bxe2 31. Ra3 Kd7 32. Rxe3 Bb5 33. Ra3 Kc7 34. Kg1 Kb7 35. Kf2 Rh6 36. Bh3 Kb8 37. Ra1 Rg6 38. Ra3 Kb7 39. f4 Kc7 40. Ra7+ Kd8 41. f5 exf5 42. Bxf5 Rh6 43. Rxg7 Rh8 44. Ra7 Rh6 45. Rh7 Rxh7 46. Bxh7 Ba4 47. Bg6 Bd1 48. Ke3 Ke7 49. Kf4 Ke6 50. Kg5 Be2 51. Bxh5 Bxh5 52. Kxh5 Kf5 53. Kh6 Ke4 54. e6 Kxd4 55. e7 Kxc5 56. e8=Q d4 57. Qe2 1-0

[Event "4NCL Online Division 7"]
[Site "online"]
[Date "2021.02.09"]
[EventDate "2021.02.09"]
[Round "2.72"]
[White "Kafetzopoulos, Anastasis"]
[WhiteElo "2071"]
[WhiteTeam "Londinium Centurions"]
[Black "Monteiro, Paulo"]
[BlackElo "1825"]
[BlackTeam "Eagle and Child"]
[Result "1-0"]
[PlyCount "85"]

1. d4 f5 2. Nf3 Nf6 3. g3 c6 4. Bg2 e6 5. O-O Be7 6. c4 d5 7. Nbd2 O-O 8. Qc2 Na6 9. a3 Ne4 10. Ne5 Nb8 11. Ndf3 Nd7 12. Nd3 Bf6 13. b4 g5 14. Bb2 Qe7 15. a4 g4 16. Nfe5 Bxe5 17. dxe5 h5 18. Nf4 Qf7 19. a5 Re8 20. Rfd1 Nf8 21. b5 Bd7 22. a6 Rab8 23. axb7 cxb5 24. cxd5 Rxb7 25. f3 Rc8 26. Qb1 Nc3 27. Bxc3 Rxc3 28. fxg4 hxg4 29. dxe6 Bxe6 30. Bxb7 Qxb7 31. Nxe6 Nxe6 32. Qxf5 Qb6+ 33. Kf1 Qc6 34. Qxg4+ Kh8 35. Kg1 Qc5+ 36. Kg2 Qc6+ 37. Kh3 Qc4 38. Qxc4 Rxc4 39. Rxa7 Re4 40. Rc1 Ng5+ 41. Kg2 Rc4 42. Rxc4 bxc4 43. Rc7 1-0

[Event "4NCL Online Division 7"]
[Site "online"]
[Date "2021.02.09"]
[EventDate "2021.02.09"]
[Round "2.73"]
[White "Weber, Simon"]
[WhiteElo "1654"]
[WhiteTeam "Eagle and Child"]
[Black "Padovan, Rodolfo"]
[BlackElo "1765"]
[BlackTeam "Londinium Centurions"]
[Result "0-1"]
[PlyCount "106"]

1. c4 g6 2. Nc3 c5 3. g3 Bg7 4. Bg2 Nc6 5. e4 d6 6. Nge2 e6 7. O-O Nge7 8. d3 O-O 9. Be3 Nd4 10. Qd2 Nec6 11. Bh6 Bxh6 12. Qxh6 Qf6 13. Qf4 Nxe2+ 14. Nxe2 Qxb2 15. Qe3 Rb8 16. f4 Bd7 17. f5 exf5 18. exf5 Bxf5 19. Rfb1 Qe5 20. Qd2 Rfe8 21. Re1 Qe3+ 22. Qxe3 Rxe3 23. Rab1 Bxd3 24. Rb3 Nd4 25. Kf2 Rxe2+ 26. Rxe2 Bxe2 27. Re3 Bxc4 28. Re7 Kf8 29. Rc7 Re8 30. Bxb7 Re2+ 31. Kg1 Rxa2 32. h4 Ne2+ 33. Kg2 Nd4+ 34. Kh3 h5 35. g4 Be6 36. Kg3 Ne2+ 37. Kf3 Bxg4+ 38. Ke4 Bf5+ 39. Kd5 Nc3+ 40. Kc4 Ra3 41. Bh1 a6 42. Bb7 Be6+ 43. Bd5 Bxd5+ 44. Kd3 Nb5+ 45. Kc2 Nxc7 46. Kd2 Ke7 47. Kc2 Ke6 48. Kd2 Ke5 49. Ke2 Ke4 50. Kf2 Ne6 51. Kg2 Nf4+ 52. Kh2 Kf3 53. Kg1 Kg3 0-1

[Event "4NCL Online Division 7"]
[Site "online"]
[Date "2021.02.09"]
[EventDate "2021.02.09"]
[Round "2.74"]
[White "Voiculescu-Holvad, Stefan"]
[WhiteElo "1779"]
[WhiteTeam "Londinium Centurions"]
[Black "Payne, Phillip"]
[BlackElo "1232"]
[BlackTeam "Eagle and Child"]
[Result "0-1"]
[PlyCount "54"]

1. d4 Nf6 2. c4 e6 3. g3 Be7 4. Bg2 O-O 5. Nc3 d5 6. Nf3 Nc6 7. cxd5 exd5 8. O-O Ne4 9. Qb3 Nxc3 10. bxc3 Na5 11. Qc2 Be6 12. h4 Nc4 13. Ng5 Bxg5 14. Bxg5 Qd7 15. e4 Bh3 16. Bxh3 Qxh3 17. e5 h6 18. Bd2 f5 19. Bf4 g5 20. hxg5 hxg5 21. Bxg5 Kf7 22. e6+ Kg6 23. Bh4 Rh8 24. Qe2 Rxh4 25. gxh4 Rg8 26. f3 Kh7+ 27. Kf2 Qg3# 0-1

[Event "4NCL Online Division 7"]
[Site "online"]
[Date "2021.02.09"]
[EventDate "2021.02.09"]
[Round "2.81"]
[White "Watt, David A"]
[WhiteElo "1921"]
[WhiteTeam "Bearsden Grizzlies"]
[Black "Johnson, Andy G"]
[BlackElo "1707"]
[BlackTeam "Fossa Corieltauvorum"]
[Result "1-0"]
[PlyCount "47"]

1. e4 d6 2. d4 g6 3. Nc3 Bg7 4. f4 b6 5. Nf3 Bb7 6. Bc4 Nf6 7. Qe2 O-O 8. O-O Nbd7 9. e5 dxe5 10. fxe5 Bxf3 11. Rxf3 Ng4 12. Bxf7+ Rxf7 13. Rxf7 Kxf7 14. Qxg4 Kg8 15. Bg5 c5 16. Rd1 Rc8 17. dxc5 Rc7 18. c6 h5 19. Qe6+ Kh7 20. Rxd7 Rxd7 21. cxd7 Qc7 22. Bxe7 Bxe5 23. d8=Q Bxh2+ 24. Kh1 1-0

[Event "4NCL Online Division 7"]
[Site "online"]
[Date "2021.02.09"]
[EventDate "2021.02.09"]
[Round "2.82"]
[White "Manger, John D"]
[WhiteElo "1660"]
[WhiteTeam "Fossa Corieltauvorum"]
[Black "Colston, Rob"]
[BlackElo "1874"]
[BlackTeam "Bearsden Grizzlies"]
[Result "1/2-1/2"]
[PlyCount "78"]

1. e4 e6 2. d4 d5 3. exd5 exd5 4. Bd3 Bd6 5. c3 Ne7 6. Nf3 Bf5 7. O-O O-O 8. Re1 Qd7 9. Ne5 Bxe5 10. Rxe5 Bxd3 11. Qxd3 Ng6 12. Re1 Na6 13. Nd2 Rfe8 14. Nf3 Rxe1+ 15. Nxe1 Re8 16. Be3 c6 17. Nf3 Nc7 18. Re1 f6 19. Qd2 Qf5 20. h3 Nb5 21. Qc1 Nd6 22. Qb1 Qxb1 23. Rxb1 Nc4 24. b3 Nxe3 25. Re1 Kf7 26. Rxe3 Rxe3 27. fxe3 Ke6 28. Kf2 Ne7 29. g4 Nc8 30. c4 Nd6 31. cxd5+ Kxd5 32. Ke2 Ne4 33. a3 b6 34. Ne1 g6 35. Nd3 Kd6 36. Nf4 c5 37. Kd3 Nf2+ 38. Ke2 Ne4 39. Kd3 Nf2+ 1/2-1/2

[Event "4NCL Online Division 7"]
[Site "online"]
[Date "2021.02.09"]
[EventDate "2021.02.09"]
[Round "2.83"]
[White "D Alessio, Marco"]
[WhiteElo "1788"]
[WhiteTeam "Bearsden Grizzlies"]
[Black "Harrison, Peter K"]
[BlackElo "1683"]
[BlackTeam "Fossa Corieltauvorum"]
[Result "0-1"]
[PlyCount "60"]

1. d4 Nf6 2. c4 e6 3. Nc3 Bb4 4. e3 d5 5. Nf3 c6 6. Bd3 dxc4 7. Bxc4 b5 8. Be2 O-O 9. O-O Bxc3 10. bxc3 a6 11. Qc2 Qc7 12. e4 h6 13. a4 Bb7 14. Ba3 Rd8 15. Ne5 Nbd7 16. f4 c5 17. Nxd7 Rxd7 18. e5 Be4 19. Qb2 cxd4 20. exf6 dxc3 21. Qb3 Rd2 22. Bf3 Bxf3 23. Rxf3 c2 24. Rc3 Rd1+ 25. Rxd1 cxd1=Q+ 26. Qxd1 Qxc3 27. Be7 Rc8 28. axb5 axb5 29. fxg7 Qe3+ 30. Kh1 Rc1 0-1

[Event "4NCL Online Division 7"]
[Site "online"]
[Date "2021.02.09"]
[EventDate "2021.02.09"]
[Round "2.84"]
[White "Gray, Paul"]
[WhiteElo "1608"]
[WhiteTeam "Fossa Corieltauvorum"]
[Black "Burt, James"]
[BlackElo "1567"]
[BlackTeam "Bearsden Grizzlies"]
[Result "1/2-1/2"]
[PlyCount "70"]

1. e4 c5 2. Nf3 e6 3. d4 cxd4 4. Nxd4 Nf6 5. Nd2 Nc6 6. c3 Nxd4 7. cxd4 d5 8. e5 Nd7 9. a3 Be7 10. Nf3 f6 11. Bd3 fxe5 12. dxe5 Nc5 13. b4 Nxd3+ 14. Qxd3 Bd7 15. Nd4 Rc8 16. O-O O-O 17. Be3 Qc7 18. Nf3 Qc3 19. Qxc3 Rxc3 20. Rfc1 Rfc8 21. Nd4 Rxc1+ 22. Rxc1 Rxc1+ 23. Bxc1 Bd8 24. Be3 b6 25. f4 Kf7 26. Kf2 h6 27. g3 g5 28. Kf3 Kg6 29. fxg5 Bxg5 30. Bxg5 Kxg5 31. h4+ Kg6 32. Kg4 h5+ 33. Kf4 Kh6 34. g4 hxg4 35. Kxg4 Kg6 1/2-1/2

[Event "4NCL Online Division 7"]
[Site "online"]
[Date "2021.02.09"]
[EventDate "2021.02.09"]
[Round "2.91"]
[White "Jones, Humphrey C N"]
[WhiteElo "1631"]
[WhiteTeam "Charlton Cobras B"]
[Black "Beryozkin, Sergey"]
[BlackElo "2056"]
[BlackTeam "Dun Laoghaire"]
[Result "0-1"]
[PlyCount "80"]

1. d4 Nf6 2. Nf3 g6 3. e3 Bg7 4. Bd3 c5 5. c3 O-O 6. O-O b6 7. Qe2 d5 8. Nbd2 Nc6 9. e4 cxd4 10. e5 Nh5 11. cxd4 Nf4 12. Qe3 Nxd3 13. Qxd3 Bf5 14. Qb5 Rc8 15. a3 Na5 16. b3 Rc3 17. Bb2 Bd3 18. Qb4 Rc2 19. Ne1 Nc6 20. Qa4 b5 21. Qa6 Nb8 22. Qxa7 Rxd2 23. Nxd3 Rxd3 24. a4 Rxb3 25. Ba3 Re8 26. a5 Nc6 27. Qc5 Nxa5 28. Qc2 b4 29. Bc1 Rc3 30. Qa4 Nc6 31. Bd2 Rc4 32. Rfc1 Nxd4 33. Rxc4 dxc4 34. Be3 Bxe5 35. g3 Nf3+ 36. Kg2 Qd5 37. Qxe8+ Kg7 38. Kf1 Nxh2+ 39. Ke2 Qd3+ 40. Ke1 Nf3# 0-1

[Event "4NCL Online Division 7"]
[Site "online"]
[Date "2021.02.09"]
[EventDate "2021.02.09"]
[Round "2.92"]
[White "O'Connell, David"]
[WhiteElo "1810"]
[WhiteTeam "Dun Laoghaire"]
[Black "Stebbings, Robert J"]
[BlackElo "1598"]
[BlackTeam "Charlton Cobras B"]
[Result "1/2-1/2"]
[PlyCount "91"]

1. d4 Nf6 2. Bf4 e6 3. e3 d5 4. Bd3 c5 5. c3 b6 6. Nd2 Be7 7. Ngf3 Nc6 8. O-O O-O 9. Ne5 Bb7 10. Qf3 Bd6 11. Qh3 Ne7 12. Ng4 Ng6 13. Nxf6+ gxf6 14. Bxd6 Qxd6 15. f4 f5 16. Nf3 Kg7 17. Ne5 Qe7 18. Rf3 Qh4 19. Raf1 Qxh3 20. Rxh3 f6 21. Nf3 a5 22. Nh4 Ba6 23. Bxa6 Rxa6 24. Nxg6 hxg6 25. Rff3 Rh8 26. Rxh8 Kxh8 27. h4 Kg7 28. Kh2 Ra8 29. Rf1 Rc8 30. Kh3 b5 31. Rc1 cxd4 32. exd4 b4 33. Kg3 Kf7 34. Kf3 Ke7 35. Ke3 Kd6 36. Kd3 e5 37. fxe5+ fxe5 38. dxe5+ Kxe5 39. Re1+ Kd6 40. cxb4 axb4 41. a3 Rc4 42. g3 bxa3 43. bxa3 Ra4 44. Ra1 Rg4 45. Rg1 Ra4 46. Ra1 1/2-1/2

[Event "4NCL Online Division 7"]
[Site "online"]
[Date "2021.02.09"]
[EventDate "2021.02.09"]
[Round "2.93"]
[White "Bazan, Mateusz"]
[WhiteElo "1595"]
[WhiteTeam "Charlton Cobras B"]
[Black "Lohan, Martin"]
[BlackElo "1802"]
[BlackTeam "Dun Laoghaire"]
[Result "1/2-1/2"]
[PlyCount "84"]

1. d4 Nf6 2. c4 g6 3. Nc3 Bg7 4. e4 d6 5. b3 O-O 6. Bb2 c5 7. Nge2 Na6 8. g3 Bg4 9. Bg2 Bxe2 10. Nxe2 Rb8 11. O-O Nc7 12. dxc5 dxc5 13. Nf4 e6 14. Qxd8 Rfxd8 15. Rad1 a6 16. Be5 Nfe8 17. Bxg7 Kxg7 18. e5 b5 19. cxb5 axb5 20. Rc1 Na6 21. Rfd1 Rxd1+ 22. Rxd1 g5 23. Nd3 c4 24. Ne1 c3 25. Bf1 Nb4 26. a3 Nd5 27. Nf3 h6 28. Nd4 Nec7 29. Be2 Ra8 30. Ra1 Rb8 31. b4 Ra8 32. Bf3 Rd8 33. Ne2 Ra8 34. Nxc3 Nxc3 35. Bxa8 Nxa8 36. Kf1 Nd5 37. Rc1 Nac7 38. Ke2 Kg6 39. g4 h5 40. gxh5+ Kxh5 41. Kf3 g4+ 42. Kg3 Kg5 1/2-1/2

[Event "4NCL Online Division 7"]
[Site "online"]
[Date "2021.02.09"]
[EventDate "2021.02.09"]
[Round "2.94"]
[White "Jackson, Peter D."]
[WhiteElo "1756"]
[WhiteTeam "Dun Laoghaire"]
[Black "Verbytski, Oleg"]
[BlackElo "1336"]
[BlackTeam "Charlton Cobras B"]
[Result "0-1"]
[PlyCount "66"]

1. d4 Nf6 2. Nf3 g6 3. Nc3 Bg7 4. e4 d6 5. Bg5 O-O 6. Qd2 Bg4 7. Be2 Bxf3 8. Bxf3 Nc6 9. d5 Ne5 10. Be2 Rc8 11. f4 Ned7 12. O-O c6 13. dxc6 Rxc6 14. Qe3 a6 15. Rad1 e5 16. Kh1 Qc7 17. f5 b5 18. a3 Rb8 19. Rd2 b4 20. axb4 Rxb4 21. fxg6 fxg6 22. Bxf6 Nxf6 23. Rxf6 Bxf6 24. Nd5 Qb7 25. Nxf6+ Kh8 26. b3 Qf7 27. Nd5 Rb8 28. Bc4 Rxc4 29. Rf2 Qg7 30. h4 Rcc8 31. h5 gxh5 32. Rf6 Rxc2 33. Rxd6 Qxg2# 0-1

[Event "4NCL Online Division 7"]
[Site "online"]
[Date "2021.02.09"]
[EventDate "2021.02.09"]
[Round "2.101"]
[White "Ward, George"]
[WhiteElo "1736"]
[WhiteTeam "MK Phoenix 4"]
[Black "Dunks, Peter"]
[BlackElo "1690"]
[BlackTeam "The Hemel's Gambit"]
[Result "1-0"]
[PlyCount "93"]

1. Nf3 d5 2. c4 c6 3. e3 Bg4 4. Be2 Nf6 5. O-O dxc4 6. Bxc4 e6 7. Nc3 Bd6 8. h3 Bh5 9. Be2 O-O 10. d4 Nbd7 11. a3 a5 12. Qc2 Bg6 13. Bd3 Bxd3 14. Qxd3 h6 15. e4 e5 16. dxe5 Bxe5 17. Nxe5 Nxe5 18. Qg3 Ng6 19. Be3 Re8 20. f3 Qd3 21. Qf2 Rad8 22. Rfd1 Qc4 23. Rac1 Qe6 24. Bb6 Rxd1+ 25. Rxd1 Ra8 26. Na4 Qc4 27. Nc3 Qb3 28. Rd2 Ne5 29. Bd4 Nc4 30. Re2 Ne8 31. e5 b6 32. Ne4 c5 33. Bc3 Qd1+ 34. Kh2 Qd5 35. Nd2 Nxd2 36. Rxd2 Qe6 37. f4 g6 38. Qh4 Kh7 39. g4 Rc8 40. Qg3 Rc7 41. Qd3 Rc8 42. f5 Qc6 43. e6 Qc7+ 44. Kg1 fxe6 45. fxe6 Ng7 46. Bxg7 Kxg7 47. Qc3+ 1-0